Województwa Polskie po stolicy - Statystyki

Ogólne statystyki
  • Ten quiz został rozwiązany 83 razy
  • Średni wynik to 14 z 15
Statystyki odpowiedzi
Stolica Odpowiedz % Poprawnych
Kraków małopolskie
100%
Warszawa mazowieckie
100%
Poznań wielkopolskie
100%
Wrocław dolnośląskie
98%
Łódź łódzkie
98%
Gorzów Wielkopolski lubuskie
98%
Gdańsk pomorskie
98%
Opole opolskie
96%
Białystok podlaskie
96%
Katowice śląskie
96%
Rzeszów podkarpackie
94%
Szczecin zachodniopomorskie
94%
Bydgoszcz kujawsko-pomorskie
92%
Kielce świętokrzyskie
92%
Olsztyn warmińsko-mazurskie
86%
Nie znaleziono quizów pasujących do podanych kryteriów
Rozkład punktacji
Procent ludzi z każdym wynikiem
Percentyl według liczby udzielonych odpowiedzi
Twoja historia wyników
Nie rozwiązałeś tego quizu